Ungváry, Krisztián, 1969-. A magyar honvédség a második világháborúban. - Budapest : Osiris. - 2005 [Rezension]
| Titel: | Ungváry, Krisztián, 1969-. A magyar honvédség a második világháborúban. - Budapest : Osiris. - 2005 [Rezension] |
|---|---|
| Verfasser: | |
| In: |
East central Europe, Band 37, Heft 2/3 (2010), Seite 389-391 alle Artikel anzeigen |
| Veröffentlicht: | 2010 |
| Format: | Aufsatz |
| Sprache: | Englisch |
| Hinweise zum Inhalt: |
zusätzliche Angaben
|
X
alg: 39493350 001A $01999:12-11-16 001B $01999:04-08-21 $t20:59:42.000 001D $01999:12-11-16 001U $0utf8 001X $00 002@ $0Aox 003@ $0394933508 007A $0394933508 $aHEB 007T $0Herdc0082533m 009P $A2 $3zusätzliche Angaben $uhttp://dx.doi.org/10.1163/187633010X535224 010@ $aeng 011@ $a2010 021A $aUngváry, Krisztián, 1969-. A @magyar honvédség a második világháborúban. - Budapest : Osiris. - 2005 [Rezension] 028A $aMarsai $dViktor 031A $d37 $e2/3 $h389-391 $j2010 039B $aIn $8--Abvc--. East central Europe. - Leiden : Brill, 1974-. - ISSN 0094-3037 $x201000000370002611 $9047226099 039T $8--Aax--Ungváry, Krisztián$Z1969- [Tp3]. A @magyar honvédség a második világháborúban. - 2. Aufl. - Budapest : Osiris, 2005. - 604 S.. - ISBN 963-389-685-1 $9395384885 045F $a900.9439 $eDDC23BSB 045F/01 $a900 045F/03 $g439 045T $a7,41 lok: 39493350 78 exp: 39493350 78 1 #EPN 201B/01 $018-11-16 $t13:11:16.000 201U/01 $0utf8 203@/01 $0791232085 208@/01 $a12-11-16 $be 209A/01 $a/ $f000 $x00 220C/01 $aTitelaufnehmer: pg 220C/01 $aHerkunft: HI Marburg 244Z/01 $2Trx $#Ungari $#Vengrija $#Ungārija $#Ungarn $#Hungary $#Węgry $#Maďarsko $#Maďarsko $#Uhorsko $#Uhersko;Uhry $8--Trx--Magyarország $x01 $9391197150 244Z/01 $2Trx $#arvustused $#recenzijos $#Reviews $#recenziók $#recenzje $#recenzie $#recenze $8--Trx--Rezensionen $x02 $9391357441 244Z/01 $2Trx $8--Trx--elektronische Ressource $x03 $939138452X 247C/01 $82080>Marburg/Lahn, Herder-Institut, Forschungsbibliothek, Bibliographieportal $9336309341
| LEADER | 00000caa a22000002c 4500 | ||
|---|---|---|---|
| 001 | 394933508 | ||
| 003 | DE-603 | ||
| 005 | 20210804205942.0 | ||
| 007 | tu | ||
| 008 | 161112s2010 xx |||| | u00||u|eng c | ||
| 035 | |a (DE-599)HEB394933508 | ||
| 040 | |a DE-603 |b ger |c DE-603 |d DE-603 | ||
| 041 | |a eng | ||
| 082 | 0 | 4 | |8 1\u |a 900.9439 |q DE-101 |2 23/BSB |
| 084 | |a 7,41 |2 ssgn | ||
| 085 | |8 1\u |b 900 | ||
| 085 | |8 1\u |z 2 |s 439 | ||
| 100 | 1 | |a Marsai, Viktor | |
| 245 | 0 | 0 | |a Ungváry, Krisztián, 1969-. A magyar honvédség a második világháborúban. - Budapest : Osiris. - 2005 [Rezension] |
| 264 | 0 | |c 2010 | |
| 773 | 0 | 8 | |i In |t East central Europe |d Leiden : Brill, 1974- |h 24 cm |x 0094-3037 |g Band 37, Heft 2/3 (2010), Seite 389-391 |w (DE-603)047226099 |w (DE-600)190826-1 |
| 787 | 0 | 8 | |i Rezension von |a Ungváry, Krisztián, 1969- |t A magyar honvédség a második világháborúban |b 2. Aufl |d Budapest : Osiris, 2005 |h 604 S. |z 9633896851 |w (DE-603)395384885 |
| 856 | 4 | 2 | |u http://dx.doi.org/10.1163/187633010X535224 |3 zusätzliche Angaben |
| 924 | 0 | |9 2080 |a (DE-603)791232085 |b DE-2080 |c HES |d d |g / | |


